00533 2200205 4500001002100000005001500021035002000036007000300056008004100059082001200100084001800112100001800130245004500148250001200193260003400205300002300239600004600262856000800308990001100316INLIS00000000000037020260409101648 a0010-0426000029ta260409 0  a297.412 a297.412 IMA d0 aIMAM TURMUDZI1 aDAHSYATNYA DOA IBU BAHAYA MENDURHAKAINYA aPERTAMA aSurabaya :bGIRI UTAMA,c2015 a128 hlm ;c23,5 cm 4aDAHSYATNYA DOA IBU BAHAYA MENDURHAKAINNYA a300 a35.110